[Event "Moscow op-A 19th"]
[Site "Moscow"]
[Date "2023.07.17"]
[Round "1"]
[White "Artemenko, Lev"]
[Black "Kukhmazov, Arsen"]
[Result "0-1"]
[WhiteElo "1891"]
[BlackElo "2502"]
[PlyCount "76"]
[EventDate "2023.07.17"]
[EventType "swiss"]
[EventRounds "9"]
[EventCountry "RUS"]
[SourceTitle "CBM 215 Extra"]
[Source "ChessBase"]
[SourceDate "2023.09.30"]
[SourceVersion "1"]
[SourceVersionDate "2023.09.30"]
[SourceQuality "1"]

1. d4 e6 2. c4 b6 3. e4 Bb7 4. Nc3 Bb4 5. Qc2 Qh4 6. Bd3 f5 7. g3 Qh5 8. Be2 Qf7 9. Bf3 Nc6 10. Nge2 e5 11. 0-0 Qxc4 12. exf5 exd4 13. Qe4+ Nge7 14. Bh5+ Kd8 15. Bg5 Na5 16. Qxd4 Qc6 17. Nd5 Qxd5 18. Qxd5 Bxd5 19. a3 Bd6 20. Nc3 Bb3 21. Rfe1 h6 22. Bh4 Nac6 23. Nb5 Bc5 24. Rac1 a6 25. Nc3 Kc8 26. f6 gxf6 27. Bxf6 Rf8 28. Ne4 Bxf2+ 29. Kxf2 Nd5 30. Kg1 Nxf6 31. Rf1 Nh7 32. Bg6 Rxf1+ 33. Rxf1 Ng5 34. Nxg5 hxg5 35. Rf5 Nd4 36. Rf8+ Kb7 37. Be4+ c6 38. Rxa8 Kxa8 0-1